All Primorje-Gorski Kotar County settlements - Statistics

General Stats
  • This quiz has been taken 22 times
  • The average score is 34 of 505
Answers on the Map
Answers color-coded by a green-red scale on the quiz's map according to % correct below.
 
Answer Stats
Answer % Correct
Crikvenica
91%
Delnice
91%
Krk
91%
Mali Lošinj
91%
Opatija
91%
Rijeka
91%
Novi Vinodolski
82%
Veli Lošinj
82%
Čabar
73%
Cres
73%
Rab
73%
Bakar
64%
Baška
64%
Kastav
64%
Lovran
64%
Kraljevica
55%
Punat
55%
Matulji
45%
Omišalj
45%
Rupa
45%
Čavle
36%
Fužine
36%
Kukuljanovo
36%
Mošćenička Draga
36%
Susak
36%
Unije
36%
Viškovo
36%
Brod Moravice
27%
Brod na Kupi
27%
Grobnik
27%
Hreljin
27%
Ičići
27%
Kostrena
27%
Lubenice
27%
Malinska
27%
Osor
27%
Parg
27%
Vrbnik
27%
Vrbovsko
27%
Bakarac
18%
Barbat
18%
Beli
18%
Gerovo
18%
Ika
18%
Ilovik
18%
Jelenje
18%
Jurandvor
18%
Klana
18%
Lič
18%
Lopar
18%
Moravice
18%
Poljane
18%
Prezid
18%
Ravna Gora
18%
Rim
18%
Selce
18%
Supetarska Draga
18%
Vrh
18%
Zdihovo
18%
Bazli
9%
Biljevina
9%
Bregi
9%
Brinjeva Draga
9%
Brseč
9%
Čižići
9%
Crni Lazi
9%
Crni Lug
9%
Ćunski
9%
Dobrinj
9%
Dokmanovići
9%
Donja Dobra
9%
Donja Krašićevica
9%
Donji Ložac
9%
Donji Okrug
9%
Donji Žagari
9%
Dražice
9%
Drivenik
9%
Fažonci
9%
Frbežari
9%
Gabonjin
9%
Gašparci
9%
Gerovski Kraj
9%
Gomirje
9%
Gorači
9%
Gornja Dobra
9%
Gornja Krašićevica
9%
Gornji Ložac
9%
Gornji Okrug
9%
Gornji Žagari
9%
Homer
9%
Hrib
9%
Hrvatsko
9%
Jakšići
9%
Jušići
9%
Kalić
9%
Kamenski Hrib
9%
Klenovica
9%
Kočičin
9%
Kozji Vrh
9%
Kraj
9%
Kraljev Vrh
9%
Kranjci
9%
Križišće
9%
Kukuljani
9%
Kuželj
9%
Lautari
9%
Lazi
9%
Lokve
9%
Lučice
9%
Lukovdol
9%
Makov Hrib
9%
Male Srakane
9%
Mali Lug
9%
Mandli
9%
Marinići
9%
Mošćenice
9%
Mrkopalj
9%
Mučići
9%
Nerezine
9%
Njivice
9%
Obrš
9%
Okrivje
9%
Pinezići
9%
Plajzi
9%
Plešce
9%
Pobri
9%
Podgora Turkovska
9%
Podstene
9%
Ponikve
9%
Porat
9%
Porozina
9%
Požar
9%
Požarnica
9%
Prhci
9%
Prhutova Draga
9%
Pršleti
9%
Ravnice
9%
Razloge
9%
Razloški Okrug
9%
Saršoni
9%
Sedalce
9%
Selo
9%
Severin na Kupi
9%
Šilo
9%
Škrljevo
9%
Smrečje
9%
Smrekari
9%
Sokoli
9%
Srednja Draga
9%
Srednja Krašićevica
9%
Stara Baška
9%
Studena
9%
Suhor
9%
Sveti Ivan
9%
Sveti Jakov
9%
Sveti Petar
9%
Tići
9%
Tribalj
9%
Tropeti
9%
Tršće
9%
Tuk
9%
Turke
9%
Ustrine
9%
Valun
9%
Vele Srakane
9%
Veprinac
9%
Vidovići
9%
Vode
9%
Vrana
9%
Vrata
9%
Vrhovci
9%
Zagolik
9%
Zakrajc Turkovski
9%
Zamost
9%
Bajčići
0%
Banjol
0%
Barušići
0%
Baštijani
0%
Bater
0%
Batomalj
0%
Begovo Razdolje
0%
Bela Vodica
0%
Belej
0%
Belo
0%
Belo Selo
0%
Belski Ravan
0%
Benkovac Fužinski
0%
Bile
0%
Blaževci
0%
Bogovići
0%
Brdce
0%
Brešca
0%
Brestova Draga
0%
Breza
0%
Breze
0%
Brezje Dobransko
0%
Bribir
0%
Brnelići
0%
Brusići
0%
Brzac
0%
Bukovac Podvrški
0%
Bukov Vrh
0%
Bunjevci
0%
Buzdohanj
0%
Buzin
0%
Carevići
0%
Čedanj
0%
Cernik
0%
Colnari
0%
Crno
0%
Čučak
0%
Damalj
0%
Dedin
0%
Delači
0%
Divjake
0%
Dobreć
0%
Dolenci
0%
Dolovo
0%
Doluš
0%
Donja Lamana Draga
0%
Donje Tihovo
0%
Donji Šajn
0%
Donji Šehovac
0%
Donji Turni
0%
Donji Vučkovići
0%
Donji Vukšići
0%
Donji Zagon
0%
Draga Bašćanska
0%
Draga Lukovdolska
0%
Dragovići
0%
Dragozetići
0%
Dramalj
0%
Drastin
0%
Drinak
0%
Filozići
0%
Garica
0%
Golik
0%
Goliki
0%
Golovik
0%
Gorani
0%
Gorenci
0%
Gorica Skradska
0%
Gornja Lamana Draga
0%
Gornje Tihovo
0%
Gornji Kuti
0%
Gornji Šajn
0%
Gornji Šehovac
0%
Gornji Turni
0%
Gornji Vučkovići
0%
Gornji Vukšići
0%
Gornji Zagon
0%
Goršeti
0%
Gostinjac
0%
Grabrova
0%
Gramalj
0%
Grbajel
0%
Grižane-Belgrad
0%
Grmov
0%
Guče Selo
0%
Gusti Laz
0%
Hajdine
0%
Hambarište
0%
Hlapa
0%
Hlevci
0%
Hosnik
0%
Hribac
0%
Iševnica
0%
Ivanje
0%
Jablan
0%
Jadranovo
0%
Jakov Polje
0%
Javorje
0%
Jurdani
0%
Kalac
0%
Kamensko
0%
Kampelje
0%
Kampor
0%
Kavrani
0%
Klanac
0%
Klanice
0%
Klepeće Selo
0%
Klimno
0%
Kocijani
0%
Komlenići
0%
Kornić
0%
Kosi
0%
Kras
0%
Krasica
0%
Kremenići
0%
Krivac
0%
Krmpotske Vodice
0%
Kućeli
0%
Kupa
0%
Kupjak
0%
Lakmartin
0%
Lazac Lokvarski
0%
Ledenice
0%
Lesci
0%
Leska
0%
Leskova Draga
0%
Liganj
0%
Linardići
0%
Lipa
0%
Liplje
0%
Lisac
0%
Ljubošina
0%
Ljutići
0%
Lokvica
0%
Lopača
0%
Lovranska Draga
0%
Loznati
0%
Lubarska
0%
Luka Krmpotska
0%
Lukeži
0%
Majer
0%
Maklen
0%
Mala Dobra
0%
Mala Lešnica
0%
Mala Učka
0%
Male Drage
0%
Male Mune
0%
Mali Brgud
0%
Mali Dol
0%
Mali Jadrč
0%
Mali Podol
0%
Malo Selce
0%
Malo Selo
0%
Marčelji
0%
Marija Trošt
0%
Maršići
0%
Martina
0%
Martinovo Selo
0%
Martinšćica
0%
Matići
0%
Mavrinci
0%
Medveja
0%
Merag
0%
Miholašćica
0%
Mihotići
0%
Milaši
0%
Milčetići
0%
Milohnići
0%
Milovčići
0%
Mladenići
0%
Močile
0%
Moravička Sela
0%
Mrzla Vodica
0%
Mundanije
0%
Muraj
0%
Musulini
0%
Nadvučnik
0%
Naglići
0%
Nenadići
0%
Nikšići
0%
Nove Hiže
0%
Novi Lazi
0%
Oprić
0%
Orlec
0%
Osojnik
0%
Oštrobradić
0%
Palit
0%
Pasjak
0%
Pauci
0%
Pećišće
0%
Permani
0%
Pernat
0%
Petrovići
0%
Planica
0%
Planina Skradska
0%
Plemenitaš
0%
Plešivica
0%
Plosna
0%
Podčudnič
0%
Podgorani
0%
Podhum
0%
Podkilavac
0%
Podmelnik
0%
Podrvanj
0%
Podslemeni Lazi
0%
Podstena
0%
Podvučnik
0%
Poljana
0%
Polje
0%
Poljica
0%
Povile
0%
Praputnjak
0%
Predošćica
0%
Presika
0%
Pucak
0%
Punta Križa
0%
Radići
0%
Radigojna
0%
Radočaj Brodski
0%
Radoševići
0%
Raskrižje
0%
Raskrižje Tihovo
0%
Rasohe
0%
Rasopasno
0%
Ratulje
0%
Razdrto
0%
Resnatac
0%
Risika
0%
Rogi
0%
Rtić
0%
Rudine
0%
Rukavac
0%
Ruševo Krmpotsko
0%
Ružići
0%
Sabljići
0%
Šapjane
0%
Šepci Podstenski
0%
Ševalj
0%
Sibinj Krmpotski
0%
Šije
0%
Šimatovo
0%
Škalnica
0%
Skrad
0%
Skrbčići
0%
Slavica
0%
Sleme
0%
Sleme Skradsko
0%
Smišljak
0%
Smokvica Krmpotska
0%
Šmrika
0%
Soboli
0%
Soline
0%
Sopač
0%
Sroki
0%
Sršići
0%
Stanić
0%
Stara Sušica
0%
Stari Laz
0%
Stari Lazi
0%
Štefanci
0%
Stivan
0%
Strilčići
0%
Stubica
0%
Sučići
0%
Sunger
0%
Sužan
0%
Sveta Jelena
0%
Sveti Anton
0%
Sveti Ivan Dobrinjski
0%
Sveti Vid Dobrinjski
0%
Sveti Vid-Miholjice
0%
Topolovica
0%
Tribulje
0%
Trnovica
0%
Trški Lazi
0%
Tuk Mrkopaljski
0%
Tuk Vojni
0%
Tuliševica
0%
Turčić
0%
Tusti Vrh
0%
Valići
0%
Vantačići
0%
Važminež
0%
Vela Učka
0%
Vele Mune
0%
Veli Brgud
0%
Veli Dol
0%
Velika Lešnica
0%
Velika Voda
0%
Velike Drage
0%
Veliki Jadrč
0%
Veliko Selce
0%
Vodice
0%
Vrh Brodski
0%
Vučinići
0%
Vučnik
0%
Vujnovići
0%
Vukelići
0%
Zabukovac
0%
Zagore
0%
Zahrt
0%
Zakrajc Brodski
0%
Žakule
0%
Zalesina
0%
Zaluki
0%
Zamost Brodski
0%
Zapeć
0%
Zapolje Brodsko
0%
Zastenice
0%
Zaumol
0%
Zavrh
0%
Završje
0%
Zbičina
0%
Zbišina
0%
Žejane
0%
Zelin Crnoluški
0%
Zelin Mrzlovodički
0%
Žestilac
0%
Žgaljići
0%
Žgombići
0%
Zidarići
0%
Zlobin
0%
Zoretići
0%
Žrnovac
0%
Županje
0%
Zvoneća
0%
No matching quizzes found
Score Distribution
Percent of People with Each Score
Percentile by Number Answered
Your Score History
You have not taken this quiz